A note of confidence (Record no. 81818)

MARC details
000 -LEADER
fixed length control field 01108cab a22001935a 4500
001 - CONTROL NUMBER
control field L148395
008 - FIXED-LENGTH DATA ELEMENTS--GENERAL INFORMATION
fixed length control field 090914e20090904xxkdo 000 0 eng d
035 ## - SYSTEM CONTROL NUMBER
System control number (Sirsi) u148395
041 0# - LANGUAGE CODE
Language code of text/sound track or separate title eng
100 1# - MAIN ENTRY--PERSONAL NAME
Personal name Whitmore, James
245 02 - TITLE STATEMENT
Title A note of confidence
260 ## - PUBLICATION, DISTRIBUTION, ETC.
-- 2009
490 #0 - SERIES STATEMENT
Series statement Property Week
Volume/sequential designation 75(36) 4 September 2009, 22-24(3)
520 ## - SUMMARY, ETC.
Summary, etc. Lloyds Banking Group's first quarterly property confidence survey concludes that the gloom might be starting to lift. Lloyds Banking Group is the biggest lender to UK property. The survey reflects the views of the small and medium-sized companies making up the top quartile of the commercial property market. The improved sentiment coincides with the release of data showing that the property market has bottomed and is poised for a gentle upturn. The survey indicates that housebuilding is expected to be the best-performing sector over the next three months. Charts cover the responses to the survey questions.
590 ## - LOCAL NOTE (RLIN)
Local note KA
651 #4 - SUBJECT ADDED ENTRY--GEOGRAPHIC NAME
Geographic name United Kingdom
Chronological subdivision
690 ## - LOCAL SUBJECT ADDED ENTRY--TOPICAL TERM (OCLC, RLIN)
Topical term or geographic name as entry element PROPERTY-COMMERCIAL PROPERTY-COMMERCIAL PROPERTY MARKET
942 ## - ADDED ENTRY ELEMENTS (KOHA)
Suppress in OPAC 0
Holdings
Withdrawn status Lost status Source of classification or shelving scheme Damaged status Not for loan Home library Current library Shelving location Date acquired Total Checkouts Full call number Barcode Date last seen Copy number Price effective from Koha item type
    Dewey Decimal Classification     London London Journal article 14/09/2009   L148395 148395-1001 06/08/2019 1 06/08/2019 Journal article